International Economic Review

Salvato in:
Dettagli Bibliografici
Natura: Periodico
Lingua:inglese
Pubblicazione: Philadelphia University of Pennsylvania 1983
Soggetti:
Tags: Aggiungi Tag
Nessun Tag, puoi essere il primo ad aggiungerne!!

MARC

LEADER 00000nas2a2200000 4500
001 s018659
005 20240109081036.3
041 0 |a eng 
044 |a US 
245 1 0 |a International Economic Review 
264 1 |a Philadelphia  |b University of Pennsylvania  |c 1983 
300 |a 2 zv. 
773 0 |w eu_un_cat*s120083 
610 2 0 |a ekonómia 
610 2 0 |a modely ekonomicko-matematické 
610 2 0 |a výskum ekonomický